Capitals of "stan" countries - Statistics

General Stats
  • This quiz has been taken 8 times
  • The average score is 6 of 7
Answer Stats
Hint Answer % Correct
Pakistan Islamabad
88%
Afghanistan Kabul
88%
Kazakhstan Nur-Sultan
88%
Uzbekistan Tashkent
88%
Tajikistan Dushanbe
75%
Turkmenistan Ashgabat
63%
Kyrgyzstan Bishkek
63%
No matching quizzes found
Score Distribution
Percent of People with Each Score
Percentile by Number Answered
Your Score History
You have not taken this quiz